000 00193 a2200097 4500
001 14655
100 _a
245 _a
260 _aKarachi
_bMadnia Publishing company
_c
090 _c11441
_d11441
942 _aNUST-CAE
_c
_c1605
999 _c249728
_d249728